书目信息 |
| 题名: |
人性的弱点
|
|
| 作者: | 曾仕强 著 | |
| 分册: | ||
| 出版信息: | 北京 中国工人出版社 2013 |
|
| 页数: | 268页 | |
| 开本: | 24cm | |
| 丛书名: | ||
| 单 册: | ||
| 中图分类: | C91-06 | |
| 科图分类: | ||
| 主题词: | 人性说 , 人性说--通俗读物 | |
| 电子资源: | ||
| ISBN: | 978-7-5008-5573-6 | |
| 000 | 00807nam0 2200241 450 | |
| 001 | 140171 | |
| 005 | 20140925105201.96 | |
| 010 | @a978-7-5008-5573-6@dCNY 34.00 | |
| 100 | @a20131105d2013 em y0chiy50 ea | |
| 101 | 0 | @achi |
| 102 | @aCN@b110000 | |
| 105 | @ay z 000yy | |
| 200 | 1 | @a人性的弱点@Aren xing de ruo dian@b专著@e曾仕强谈改变命运@f曾仕强著 |
| 210 | @a北京@c中国工人出版社@d2013 | |
| 215 | @a268页@d24cm | |
| 330 | @a本书分为准备、实践进阶三个部分,包括了解命运、知命、不认命、如何改变命运、认识成功、改变命运十大要则、 拥抱生活等内容。 | |
| 517 | 1 | @a曾仕强谈改变命运@Azeng shi qiang tan gai bian ming yun |
| 606 | 0 | @a人性说 |
| 606 | 0 | @a人性说@j通俗读物 |
| 690 | @aC91-06@v5 | |
| 701 | 0 | @a曾仕强@Azeng shi qiang@f(1935 )@4著 |
| 801 | 0 | @c20140925 |
| 905 | @a241430@dC91-06@eZ027 | |
| 人性的弱点:曾仕强谈改变命运/曾仕强著.-北京:中国工人出版社,2013 |
| 268页;24cm |
| ISBN 978-7-5008-5573-6:CNY 34.00 |
| 本书分为准备、实践进阶三个部分,包括了解命运、知命、不认命、如何改变命运、认识成功、改变命运十大要则、 拥抱生活等内容。 |
| ● |
| 相关链接 |
|
|
|
正题名:人性的弱点
索取号:C91-06/Z027
 
预约/预借
| 序号 | 登录号 | 条形码 | 馆藏地/架位号 | 状态 | 备注 |
| 1 | 0833821 | 208338217 | 社科库509/509社科库 56排4列3层/ [索取号:C91-06/Z027] | 在馆 | |
| 2 | 0833822 | 208338226 | 社科库509/509社科库 56排4列3层/ [索取号:C91-06/Z027] | 在馆 | |
| 3 | 0833823 | 208338235 | 社科库509/509社科库 56排4列3层/ [索取号:C91-06/Z027] | 在馆 |